|
|
|
|
| LEADER |
01278nam a2200337 a 4500 |
| 001 |
000132515 |
| 003 |
CZ BrMZK |
| 005 |
20080703142307.0 |
| 007 |
ta |
| 008 |
960815s1996 xr f cze d |
| 015 |
|
|
|a cnb000189169
|
| 020 |
|
|
|a 80-7203-049-3
|
| 035 |
|
|
|a (OCoLC)38971533
|
| 040 |
|
|
|a BOA001
|b cze
|
| 041 |
1 |
|
|a cze
|h eng
|
| 080 |
|
|
|a 902/904(084)
|2 MRF
|
| 245 |
0 |
0 |
|a Příběh archeologie :
|b sto velkých objevů /
|c editor: Paul G. Bahn
|
| 250 |
|
|
|a Vyd. 1.
|
| 260 |
|
|
|a Praha :
|b Argo,
|c 1996
|
| 300 |
|
|
|a 256 s. :
|b il. (některé barev.), mapy. ;
|c 29 cm
|
| 500 |
|
|
|a Přeloženo z angličtiny
|
| 504 |
|
|
|a Obsahuje bibliografii
|
| 653 |
0 |
|
|a archeologické nálezy
|a archeologické výzkumy
|a archeologie
|
| 700 |
1 |
|
|a Bahn, Paul G.,
|d 1953-
|7 jn20000600608
|4 edt
|
| 910 |
|
|
|a BOA001
|b 4-1029.159
|b PK-N-0032.919
|
| 920 |
|
|
|a 000139350
|
| 964 |
|
|
|a Archeologie
|x výklady populární
|x publikace obrazové
|
| 990 |
|
|
|a BK
|
| 996 |
6 |
|
|b 2610047346
|c 4-1029.159
|l MZK
|r Sklad / do 1 hodiny
|n 6
|p kup
|w 000132515
|u 000010
|a 1
|e BOA001
|j MZK50
|s P
|
| 996 |
6 |
|
|b 2610059436
|c 4-1029.159
|l MZK
|r HSS 5p
|n 2
|p p.v.
|h 902 PŘÍ
|w 000132515
|u 000020
|a 0
|e BOA001
|j MZK50
|s P
|
| 996 |
6 |
|
|b 3119006778
|c PK-N-0032.919
|l MZK
|r Sklad / do 1 hodiny
|n 4
|p kup
|w 000132515
|u 000030
|a 1
|e BOA001
|j MZK50
|s P
|